[Event "ICS rated blitz match"]
[Site "204.178.125.65"]
[Date "2000.09.26"]
[Round "?"]
[White "LoadedGun"]
[Black "Hossa"]
[Result "0-1"]
[WhiteElo "2171"]
[BlackElo "2503"]
[PlyCount "168"]
[EventDate "2000.??.??"]

1. Nf3 d5 2. e3 e6 3. Bb5+ c6 4. Bd3 e5 5. Nxe5 Qg5 6. f4 Qxg2 7. Qf3 Bh3 8.
Qxg2 Bxg2 9. Rg1 Bh3 10. Rg3 Bc8 11. b3 Nh6 12. Ba3 Nf5 13. Rg5 Bxa3 14. Nxa3
g6 15. Nf3 Nh6 16. Nd4 Ng4 17. Be2 h5 18. f5 Nxh2 19. O-O-O a6 20. Rh1 c5 21.
fxg6 fxg6 22. Re5+ Kf7 23. Rxd5 cxd4 24. Rxd4 Nc6 25. Rf4+ Ke7 26. Rxh2 Be6 27.
Rg2 Rag8 28. Rg5 h4 29. Bg4 h3 30. Bxe6 Kxe6 31. Rf1 Rg7 32. Rh1 Kf6 33. Rg3 h2
34. Rg2 Rgh7 35. Rf2+ Ke6 36. Nb1 g5 37. Rg2 Kf5 38. Nc3 Rh3 39. e4+ Kf4 40. a4
g4 41. Rf2+ Ke5 42. Rf5+ Ke6 43. Rg5 R8h4 44. Nd5 Rf3 45. Rg7 g3 46. d3 Ke5 47.
Kb1 Rh8 48. Ka2 Nd8 49. Nb6 Nf7 50. a5 Kf6 51. Rg4 Ne5 52. Nd5+ Kf7 53. Rg5 Rg8
54. Rh5 g2 55. R5xh2 gxh1=Q 56. Rxh1 Rg2 57. Kb1 Rff2 58. Ne3 Rh2 59. Rxh2 Rxh2
60. Nf5 Ke6 61. Nd4+ Kd7 62. b4 Nc6 63. Nxc6 bxc6 64. Kb2 Kd6 65. Kb3 Ke5 66.
Kc3 Rg2 67. Kb2 Kd4 68. Kb3 Rg1 69. Kb2 Re1 70. e5 Rxe5 71. Kb3 Re1 72. Kb2 Rd1
73. c4 Rxd3 74. b5 cxb5 75. cxb5 axb5 76. a6 b4 77. a7 Ra3 78. a8=Q Rxa8 79.
Kb3 Rb8 80. Kc2 b3+ 81. Kb2 Rb7 82. Ka3 b2 83. Ka4 b1=Q 84. Ka3 Ra7# {
LoadedGun checkmated} 0-1

[Event "ICS rated blitz match"]
[Site "204.178.125.65"]
[Date "2000.09.26"]
[Round "?"]
[White "Hossa"]
[Black "Athlon900"]
[Result "0-1"]
[WhiteElo "2507"]
[BlackElo "2754"]
[PlyCount "82"]
[EventDate "2000.??.??"]

1. e4 Nc6 2. d4 d5 3. Nc3 dxe4 4. d5 Ne5 5. Qd4 Ng4 6. Bb5+ Bd7 7. Bf4 c6 8.
dxc6 bxc6 9. Bc4 Bf5 10. Qc5 Bd7 11. Qd4 N8f6 12. Rd1 Qa5 13. Qd2 e5 14. Bg5
Qb4 15. Bb3 Bc5 16. Nh3 h6 17. a3 Qb7 18. Bh4 e3 19. Qe2 exf2+ 20. Bxf2 Nxf2
21. Nxf2 O-O 22. O-O Bg4 23. Qxe5 Bxf2+ 24. Rxf2 Bxd1 25. Nxd1 Ng4 26. Qf4 Nxf2
27. Nxf2 Rae8 28. Nd3 Re2 29. Qf5 Rfe8 30. Qf1 a5 31. Kh1 a4 32. Bxa4 Qa6 33.
h3 Qxa4 34. Qd1 R8e3 35. b4 Qxc2 36. Qxc2 Rxc2 37. Nc5 Ree2 38. Nb3 Rxg2 39.
Nd4 Rh2+ 40. Kg1 Rcg2+ 41. Kf1 Ra2 {Hossa resigns} 0-1

[Event "ICS Rated standard match"]
[Site "204.178.125.65"]
[Date "2000.09.26"]
[Round "?"]
[White "Hossa"]
[Black "Colorado"]
[Result "0-1"]
[WhiteElo "2384"]
[BlackElo "2462"]
[PlyCount "141"]
[EventDate "2000.??.??"]

1. d4 Nf6 2. c4 e6 3. Nc3 Bb4 4. e3 O-O 5. Nf3 d5 6. Bd3 b6 7. O-O Bb7 8. cxd5
exd5 9. a3 Bd6 10. b4 a6 11. Qb3 Qe7 12. Qc2 Nbd7 13. Bb2 Ne4 14. Rfd1 f5 15.
b5 Qe6 16. Rac1 Nxc3 17. Qxc3 axb5 18. Bxb5 Nf6 19. Ne5 Ne4 20. Qb3 Bxe5 21.
dxe5 Nc5 22. Qb4 Rfc8 23. Rc2 Ba6 24. Bxa6 Rxa6 25. Bd4 Ra4 26. Qb2 Nd7 27. Qb3
Ra5 28. f4 Nb8 29. Bc3 Rc5 30. Rcd2 c6 31. Rd4 Rb5 32. Qc2 Na6 33. Ra4 Nc5 34.
Ra7 Ne4 35. Bb4 c5 36. Rc1 Re8 37. Qe2 c4 38. Qd1 Qc6 39. Rb1 c3 40. Rc1 Rc8
41. Qh5 Qe6 42. Rc2 Kh8 43. Qh3 Kg8 44. Qf3 Qe8 45. Qf1 Rc4 46. Qd3 Qc8 47. Rc1
Qc6 48. Qd1 Qe8 49. Re7 Qf8 50. Qa4 Rcxb4 51. axb4 Qxe7 52. Qxb5 Qe6 53. Rd1 h6
54. Qa6 Qc6 55. Qd3 Kf7 56. b5 Qc5 57. Kf1 Ke6 58. g3 g6 59. Kg2 Kf7 60. h3 Ke6
61. g4 fxg4 62. hxg4 g5 63. Qe2 Qa3 64. Qc2 Qc5 65. Re1 Qf8 66. Qc1 h5 67. gxh5
Qf5 68. Kf3 gxf4 69. exf4 Qh3+ 70. Ke2 d4 71. Qc2 {Hossa resigns} 0-1

[Event "ICS rated standard match"]
[Site "204.178.125.65"]
[Date "2000.09.26"]
[Round "?"]
[White "IamtheGame"]
[Black "Hossa"]
[Result "0-1"]
[WhiteElo "1979"]
[BlackElo "2372"]
[PlyCount "40"]
[EventDate "2000.??.??"]

1. e4 c5 2. Nf3 e6 3. d4 cxd4 4. Nxd4 Nc6 5. Nc3 Qc7 6. Bc4 a6 7. Bb3 Nf6 8. f3
Nxd4 9. Qxd4 Bc5 10. Qd3 O-O 11. Be3 b5 12. O-O-O d6 13. Qe2 Bd7 14. g4 b4 15.
Nb1 Bb5 16. Qd2 Bxe3 17. Qxe3 a5 18. c3 Nd7 19. Qd4 Ra6 20. c4 a4 {
IamtheGame resigns} 0-1

[Event "ICS rated blitz match"]
[Site "204.178.125.65"]
[Date "2000.09.26"]
[Round "?"]
[White "brutus"]
[Black "Hossa"]
[Result "0-1"]
[WhiteElo "2223"]
[BlackElo "2501"]
[PlyCount "76"]
[EventDate "2000.??.??"]

1. e4 c5 2. Nf3 e6 3. d4 cxd4 4. Nxd4 Nc6 5. Nc3 Qc7 6. Be3 a6 7. Bd3 b5 8. O-O
Ne5 9. f4 Nxd3 10. Qxd3 b4 11. Nce2 Bb7 12. c3 d5 13. e5 bxc3 14. Rac1 Ne7 15.
Rxc3 Qd7 16. Rfc1 Rc8 17. Qc2 Rxc3 18. Qxc3 Qd8 19. Qc7 Qxc7 20. Rxc7 Bc8 21.
a3 Kd8 22. Ra7 f6 23. b4 h5 24. a4 Rg8 25. b5 axb5 26. axb5 Bd7 27. b6 Kc8 28.
Bd2 Nf5 29. Nxf5 exf5 30. Nd4 fxe5 31. fxe5 Be8 32. Kf2 Kb8 33. Ke3 Bc5 34. Ba5
Bb5 35. Rc7 f4+ 36. Kxf4 Bxd4 37. e6 g5+ 38. Kg3 Be5+ {brutus resigns} 0-1

[Event "ICS rated blitz match"]
[Site "204.178.125.65"]
[Date "2000.09.26"]
[Round "?"]
[White "Hossa"]
[Black "brutus"]
[Result "1-0"]
[WhiteElo "2506"]
[BlackElo "2218"]
[PlyCount "87"]
[EventDate "2000.??.??"]

1. e4 e6 2. Nf3 d5 3. e5 c5 4. d4 Bd7 5. Be2 Nc6 6. dxc5 Bxc5 7. Nbd2 Nge7 8.
Nb3 Bb6 9. c4 dxc4 10. Bxc4 Ng6 11. Bg5 Qc7 12. O-O O-O 13. Rc1 Rac8 14. Re1 h6
15. Be3 Rfd8 16. Bxb6 Qxb6 17. Bd3 Nge7 18. Nc5 Nb4 19. Nxd7 Rxc1 20. Nxb6 Rxd1
21. Rxd1 Rxd3 22. Rxd3 Nxd3 23. Nc4 b5 24. Nd6 a6 25. b3 Nc6 26. Ne8 a5 27. Nd6
a4 28. Nxb5 axb3 29. axb3 Ndxe5 30. Nxe5 Nxe5 31. Kf1 Kf8 32. Ke2 Ke7 33. h3
Kd7 34. Nd4 Nc6 35. Nxc6 Kxc6 36. Kd2 Kc5 37. Kc3 e5 38. b4+ Kb5 39. g4 f6 40.
h4 g6 41. Kd3 f5 42. h5 gxh5 43. gxf5 h4 44. Ke2 {brutus resigns} 1-0

[Event "ICS rated blitz match"]
[Site "204.178.125.65"]
[Date "2000.09.26"]
[Round "?"]
[White "brutus"]
[Black "Hossa"]
[Result "0-1"]
[WhiteElo "2213"]
[BlackElo "2511"]
[PlyCount "78"]
[EventDate "2000.??.??"]

1. e4 c5 2. Nf3 e6 3. d4 cxd4 4. Nxd4 Nc6 5. Nc3 Qc7 6. Be3 a6 7. Bd3 b5 8. O-O
Ne5 9. f4 Nxd3 10. Qxd3 b4 11. Nce2 Bb7 12. c3 d5 13. e5 bxc3 14. Rac1 Ne7 15.
Rxc3 Qd7 16. Rfc1 Rc8 17. Qc2 Rxc3 18. Qxc3 f5 19. Qa5 Bc8 20. Rc7 Qd8 21. Qb6
Bd7 22. Qb7 g6 23. Bd2 Bc8 24. Qa7 Rg8 25. Bb4 Rg7 26. Qb8 Bd7 27. Qa7 Nc8 28.
Qb7 Bxb4 29. Nxe6 Bxe6 30. Rxg7 Qb6+ 31. Kf1 Qxb7 32. Rxb7 Be7 33. Nd4 Bg8 34.
Ke2 Bd8 35. Kd3 Bb6 36. Nc6 Bg1 37. h3 h5 38. Rg7 Bf7 39. b4 Kf8 {
brutus resigns} 0-1

[Event "ICS rated standard match"]
[Site "204.178.125.65"]
[Date "2000.09.27"]
[Round "?"]
[White "Hossa"]
[Black "Varguz"]
[Result "0-1"]
[WhiteElo "2375"]
[BlackElo "2624"]
[PlyCount "100"]
[EventDate "2000.??.??"]

1. e4 d6 2. d4 Nf6 3. Bd3 g6 4. e5 dxe5 5. dxe5 Ng4 6. f4 Bg7 7. Bb5+ Bd7 8.
Be2 Qc8 9. Nf3 O-O 10. Nc3 Rd8 11. Nd5 Bf8 12. Nc3 Nc6 13. h3 Bf5 14. Bd3 Nh6
15. g4 Bxd3 16. cxd3 Nb4 17. d4 c5 18. Be3 cxd4 19. Bxd4 Qc4 20. Kf2 e6 21. b3
Qc6 22. a3 Nd5 23. Nxd5 Rxd5 24. Qd3 Bc5 25. Qe3 Rxd4 26. Nxd4 Qb6 27. Rad1 Rd8
28. Qf3 Bxd4+ 29. Kg2 a5 30. Rd2 Rc8 31. Rhd1 Rc3 32. Qe4 Bc5 33. Rd8+ Kg7 34.
R1d3 Qxb3 35. Rxc3 Qxc3 36. Qb1 Qxa3 37. Rd3 Qa4 38. Kg3 Qe4 39. Qf1 Be3 40.
Rd7 g5 41. fxg5 Bxg5 42. Kf2 b5 43. Qxb5 Bh4+ 44. Kg1 Qe3+ 45. Kg2 Qg3+ 46. Kh1
Qf3+ 47. Kg1 Bf2+ 48. Kf1 Bg3+ 49. Kg1 Qf2+ 50. Kh1 Qh2# {Hossa checkmated} 0-1

[Event "ICS rated blitz match"]
[Site "204.178.125.65"]
[Date "2000.09.27"]
[Round "?"]
[White "Hossa"]
[Black "Varguz"]
[Result "0-1"]
[WhiteElo "2516"]
[BlackElo "2762"]
[PlyCount "82"]
[EventDate "2000.??.??"]

1. c4 e6 2. Nc3 Bb4 3. d4 Bxc3+ 4. bxc3 c5 5. dxc5 Qa5 6. Bb2 Nf6 7. Qd6 Na6 8.
f3 Nxc5 9. e4 b6 10. e5 Nh5 11. Ne2 Qa4 12. Nd4 Ba6 13. Bc1 Rc8 14. g4 Qa5 15.
Bd2 Nf4 16. Nb5 Bxb5 17. cxb5 Qa3 18. Bc4 Qa4 19. Bf1 Nd5 20. Be2 Nb7 21. Bd1
Qa5 22. c4 Nxd6 23. Bxa5 Nxc4 24. Bd2 Nxe5 25. Be2 d6 26. Kf2 Rc2 27. Rhd1 Kd7
28. f4 Nc4 29. Bxc4 Rxc4 30. Kg3 Rhc8 31. Rf1 Ra4 32. Rfc1 Rc5 33. Kf3 Rxb5 34.
Rc2 Rc5 35. Rb2 Rcc4 36. f5 Rxg4 37. fxe6+ fxe6 38. Rd1 e5 39. Rc2 Rg6 40. Rf1
Rh4 41. Rh1 e4+ {Hossa resigns} 0-1

[Event "ICS rated blitz match"]
[Site "204.178.125.65"]
[Date "2000.09.27"]
[Round "?"]
[White "Varguz"]
[Black "Hossa"]
[Result "1-0"]
[WhiteElo "2768"]
[BlackElo "2510"]
[PlyCount "167"]
[EventDate "2000.??.??"]

1. d4 Nf6 2. c4 e5 3. dxe5 Ng4 4. Bf4 Nc6 5. Nf3 Bb4+ 6. Nbd2 Qe7 7. a3 Ngxe5
8. Nxe5 Nxe5 9. e3 Bxd2+ 10. Qxd2 O-O 11. c5 Re8 12. Rc1 Rd8 13. Be2 d5 14.
cxd6 cxd6 15. O-O Ng6 16. Bg3 Bf5 17. Qb4 d5 18. Qd4 Qe4 19. Rfd1 Qxd4 20. Rxd4
Be6 21. Rc7 b6 22. Ra4 Rdc8 23. Raxa7 Rxa7 24. Rxa7 Rc1+ 25. Bf1 h5 26. Rc7 Rb1
27. Rc6 Bf5 28. Rc3 Rxb2 29. f3 Kh7 30. Bc7 Ne7 31. Be5 Ng6 32. Bd4 Rb1 33. Kf2
Rb2+ 34. Be2 f6 35. Rc6 Ra2 36. Rxb6 Rxa3 37. Rd6 Ra2 38. Ke1 Ne7 39. g4 hxg4
40. fxg4 Be4 41. Rd7 Ng8 42. h4 Rc2 43. g5 Kh8 44. Rf7 Bg6 45. Rf8 fxg5 46. h5
Be4 47. h6 Rc1+ 48. Kd2 Rc2+ 49. Kd1 Kh7 50. hxg7 Rc7 51. Bg4 Rxg7 52. Be6 Rg6
53. Bf7 g4 54. Bxg6+ Bxg6 55. Ke1 Bh5 56. Rf5 Kg6 57. Rxd5 Ne7 58. Rd6+ Kf5 59.
Kf2 Bg6 60. Bb2 Ng8 61. e4+ Kg5 62. Bc1+ Kh5 63. Rd5+ Kh4 64. Bg5+ Kh5 65. Be7+
Kh6 66. Bf8+ Kh7 67. Rd7+ Kh8 68. Bg7+ Kh7 69. Bc3+ Kh6 70. Rg7 Bh7 71. Kg3
Bxe4 72. Rxg8 Bf3 73. Kf4 Kh5 74. Be5 Be2 75. Bf6 Bd1 76. Rg5+ Kh6 77. Bg7+ Kh7
78. Kf5 Ba4 79. Kf6 Be8 80. Rxg4 Bh5 81. Rh4 Kg8 82. Rh3 Kh7 83. Rxh5+ Kg8 84.
Rh8# {Hossa checkmated} 1-0

[Event "ICS rated blitz match"]
[Site "204.178.125.65"]
[Date "2000.09.27"]
[Round "?"]
[White "Hossa"]
[Black "Varguz"]
[Result "0-1"]
[WhiteElo "2504"]
[BlackElo "2774"]
[PlyCount "92"]
[EventDate "2000.??.??"]

1. c4 c5 2. Nf3 Nf6 3. Nc3 d5 4. cxd5 Nxd5 5. d4 Nxc3 6. bxc3 g6 7. Bf4 Bg7 8.
e3 Qa5 9. Qd2 O-O 10. Be2 Nc6 11. O-O Bf5 12. Qb2 b6 13. Bb5 Nb4 14. a4 Nd5 15.
Ra3 Nxf4 16. exf4 Rac8 17. Nh4 Bg4 18. h3 Be6 19. f5 Bxf5 20. Nxf5 gxf5 21. d5
c4 22. Re1 Rc7 23. Rd1 Rd8 24. Qc1 Rd6 25. Bc6 a6 26. Re1 Qc5 27. Ra1 e6 28.
Qg5 h6 29. Qg3 exd5 30. Re8+ Kh7 31. Ba8 d4 32. cxd4 Rxd4 33. Bf3 c3 34. Ree1
Re7 35. Rxe7 Qxe7 36. Qb8 c2 37. Qc8 Rd1+ 38. Rxd1 cxd1=Q+ 39. Bxd1 Qe1+ 40.
Kh2 Be5+ 41. g3 Qxf2+ 42. Kh1 Bxg3 43. Qxf5+ Qxf5 44. Bc2 Qxc2 45. Kg1 Qf2+ 46.
Kh1 Qf1# {Hossa checkmated} 0-1

[Event "ICS rated blitz match"]
[Site "204.178.125.65"]
[Date "2000.09.27"]
[Round "?"]
[White "Varguz"]
[Black "Hossa"]
[Result "1-0"]
[WhiteElo "2780"]
[BlackElo "2498"]
[PlyCount "121"]
[EventDate "2000.??.??"]

1. c4 e6 2. Nc3 Bb4 3. Qc2 Nc6 4. Nf3 d5 5. cxd5 exd5 6. a3 Ba5 7. b4 Bb6 8. e3
Nf6 9. d4 Qe7 10. Bb5 O-O 11. Bxc6 bxc6 12. Ne5 Qe6 13. Ne2 Bb7 14. O-O Ne4 15.
f3 Nd6 16. Bd2 Nf5 17. Kh1 Rfe8 18. Nf4 Qf6 19. Rac1 Ne7 20. Qb1 Ba6 21. Rfe1
Rad8 22. a4 Qh4 23. a5 Bb5 24. axb6 cxb6 25. e4 dxe4 26. fxe4 Ng6 27. Nxf7 Kxf7
28. Qa2+ Kf8 29. Nxg6+ hxg6 30. Rf1+ Bxf1 31. Rxf1+ Qf6 32. Rxf6+ gxf6 33. Bh6+
Ke7 34. Qxa7+ Rd7 35. Qxb6 Kf7 36. Be3 Re6 37. Bg1 Rde7 38. Qc5 Rd7 39. h3 Kg7
40. Qc4 Rde7 41. d5 cxd5 42. exd5 Rd6 43. Bc5 Re1+ 44. Kh2 Rd7 45. d6 Re8 46.
b5 g5 47. Qg4 Red8 48. Bb6 Rxd6 49. Bxd8 Rxd8 50. b6 Kg6 51. b7 f5 52. Qc4 Re8
53. Qc6+ Kf7 54. Qd7+ Kf8 55. h4 g4 56. h5 Rb8 57. h6 g3+ 58. Kh3 Rd8 59. Qg7+
Ke8 60. h7 Rd4 61. h8=Q# {Hossa checkmated} 1-0

[Event "ICS rated blitz match"]
[Site "204.178.125.65"]
[Date "2000.09.27"]
[Round "?"]
[White "HangerOn"]
[Black "Hossa"]
[Result "1-0"]
[WhiteElo "2888"]
[BlackElo "2493"]
[PlyCount "121"]
[EventDate "2000.??.??"]

1. e4 e5 2. Nf3 Nc6 3. Bb5 a6 4. Ba4 Nf6 5. O-O Be7 6. Re1 b5 7. Bb3 d6 8. c3
O-O 9. h3 Na5 10. Bc2 c5 11. d4 Qc7 12. Nbd2 cxd4 13. cxd4 Bb7 14. Nf1 Rac8 15.
Bd3 d5 16. dxe5 Nxe4 17. Ng3 Nxg3 18. fxg3 Bc5+ 19. Be3 Nc4 20. Bxc4 bxc4 21.
Bxc5 Qxc5+ 22. Qd4 Rfe8 23. Re2 Qxd4+ 24. Nxd4 c3 25. Rb1 Ba8 26. Rc2 cxb2 27.
Rxc8 Rxc8 28. Rxb2 Re8 29. Rb6 a5 30. Rb5 a4 31. Rb4 Kf8 32. Rxa4 Bb7 33. Ra7
Re7 34. a4 Bc8 35. Ra8 Re8 36. a5 Bb7 37. Ra7 Bc8 38. Nb5 Be6 39. a6 Rc8 40.
Rb7 Rc1+ 41. Kh2 Ra1 42. a7 f6 43. Nd4 Bc8 44. Rc7 Bxh3 45. gxh3 Ra2+ 46. Kg1
fxe5 47. Ne6+ Ke8 48. Nxg7+ Kf8 49. Ne6+ Kg8 50. Rg7+ Kh8 51. Rb7 Ra1+ 52. Kg2
Ra2+ 53. Kf3 Ra3+ 54. Kg4 Kg8 55. Kf5 Rf3+ 56. Kxe5 Ra3 57. Kf6 h6 58. Rb8+ Kh7
59. Nf8+ Kh8 60. Ng6+ Kh7 61. Rh8# {Hossa checkmated} 1-0

[Event "ICS rated blitz match"]
[Site "204.178.125.65"]
[Date "2000.09.27"]
[Round "?"]
[White "Hossa"]
[Black "ALX"]
[Result "1/2-1/2"]
[WhiteElo "2490"]
[BlackElo "2230"]
[PlyCount "113"]
[EventDate "2000.??.??"]

1. d4 Nf6 2. c4 g6 3. Nc3 d5 4. Qb3 dxc4 5. Qxc4 Bg7 6. e4 O-O 7. Nf3 Na6 8.
Be2 c5 9. dxc5 Be6 10. Qb5 Bd7 11. Qxb7 Nxc5 12. Qb4 Rc8 13. e5 Ng4 14. Qd4 Bf5
15. Bg5 Nxe5 16. Qxd8 Rfxd8 17. Nxe5 Bxe5 18. O-O Bxc3 19. bxc3 Ne4 20. Bxe7
Re8 21. Bb4 Nxc3 22. Ba6 Rc6 23. Bxc3 Rxc3 24. Rac1 Rxc1 25. Rxc1 Re7 26. Bb5
Kg7 27. h3 h5 28. Kh2 Rb7 29. a4 Bd7 30. Bxd7 Rxd7 31. Rc6 Rd2 32. Rc7 Rxf2 33.
Rxa7 h4 34. a5 Ra2 35. a6 Kg8 36. Ra8+ Kg7 37. Kg1 Kh7 38. Ra7 Kg7 39. Kf1 Kg8
40. Ra8+ Kg7 41. a7 Kh7 42. Ke1 Kg7 43. Kd1 Kh7 44. Kc1 Kg7 45. Kb1 Ra6 46. Kb2
g5 47. Kb3 f5 48. Kc4 g4 49. Kb5 Ra1 50. Kc6 gxh3 51. gxh3 f4 52. Kb7 Rb1+ 53.
Kc7 Ra1 54. Kb7 Rb1+ 55. Kc7 Ra1 56. Kb7 Rb1+ 57. Kc7 {Game drawn by repetition
} 1/2-1/2

[Event "ICS rated standard match"]
[Site "204.178.125.65"]
[Date "2000.09.27"]
[Round "?"]
[White "Hossa"]
[Black "chancery"]
[Result "1/2-1/2"]
[WhiteElo "2369"]
[BlackElo "1992"]
[PlyCount "63"]
[EventDate "2000.??.??"]

1. e4 c5 2. Nf3 d6 3. d4 cxd4 4. Nxd4 Nf6 5. Nc3 g6 6. Be3 Bg7 7. f3 O-O 8. Qd2
Nc6 9. Bc4 Bd7 10. O-O-O Ne5 11. Bb3 Qa5 12. g4 Rfc8 13. Bh6 Bxh6 14. Qxh6 Rxc3
15. bxc3 Qxc3 16. Kb1 a5 17. Qd2 Qxd2 18. Rxd2 a4 19. Bd5 e6 20. f4 exd5 21.
fxe5 Nxe4 22. Rg2 dxe5 23. Nf3 Re8 24. Kb2 Bc6 25. g5 d4 26. Rf1 Nd6 27. Kc1
Nf5 28. Rgf2 Ne3 29. Rg1 Nd5 30. Re1 Ne3 31. Rg1 Nd5 32. Re1 {
Game drawn by mutual agreement} 1/2-1/2

[Event "ICS rated blitz match"]
[Site "204.178.125.65"]
[Date "2000.09.27"]
[Round "?"]
[White "Hossa"]
[Black "sertman1"]
[Result "1-0"]
[WhiteElo "2480"]
[BlackElo "2129"]
[PlyCount "45"]
[EventDate "2000.??.??"]

1. d4 Nc6 2. Nf3 e5 3. dxe5 Nxe5 4. Nxe5 f6 5. Nf3 Bb4+ 6. c3 Bc5 7. b4 Bd6 8.
Na3 Ne7 9. Nc4 O-O 10. Nxd6 cxd6 11. Qxd6 Nf5 12. Qd5+ Rf7 13. Qxf5 g6 14. Qd5
b6 15. Qxa8 Rf8 16. Qxa7 d6 17. Be3 b5 18. Qb6 Qxb6 19. Bxb6 Bb7 20. Nd4 d5 21.
Nxb5 d4 22. Nxd4 f5 23. a4 {sertman1 resigns} 1-0

[Event "ICS rated blitz match"]
[Site "204.178.125.65"]
[Date "2000.09.27"]
[Round "?"]
[White "HangerOn"]
[Black "Hossa"]
[Result "1/2-1/2"]
[WhiteElo "2892"]
[BlackElo "2484"]
[PlyCount "77"]
[EventDate "2000.??.??"]

1. e4 e5 2. Nf3 Nc6 3. Bb5 a6 4. Ba4 Nf6 5. O-O Be7 6. Re1 b5 7. Bb3 d6 8. c3
O-O 9. h3 Bb7 10. d4 Re8 11. Nbd2 Bf8 12. a4 h6 13. Bc2 exd4 14. cxd4 Nb4 15.
Bb1 c5 16. d5 Nd7 17. Ra3 f5 18. exf5 Nf6 19. Ne4 Bxd5 20. Nxf6+ Qxf6 21. Bd2
Qxb2 22. Bxb4 Bxf3 23. Rxf3 Qxb4 24. Be4 Kh8 25. Rfe3 Ra7 26. Bc2 Rxe3 27. Rxe3
Qh4 28. Qd3 Qf4 29. Re8 Kg8 30. axb5 axb5 31. Re1 Re7 32. Rxe7 Qc1+ 33. Kh2
Bxe7 34. Qd5+ Kf8 35. Bb3 Qf4+ 36. Kg1 Qc1+ 37. Kh2 Qf4+ 38. Kg1 Qc1+ 39. Kh2 {
Game drawn by repetition} 1/2-1/2

[Event "ICS rated blitz match"]
[Site "204.178.125.65"]
[Date "2000.09.27"]
[Round "?"]
[White "Hossa"]
[Black "HangerOn"]
[Result "0-1"]
[WhiteElo "2497"]
[BlackElo "2879"]
[PlyCount "102"]
[EventDate "2000.??.??"]

1. e4 c5 2. Nf3 Nc6 3. d4 cxd4 4. Nxd4 Nf6 5. Nc3 e5 6. Ndb5 d6 7. Bg5 a6 8.
Na3 b5 9. Bxf6 gxf6 10. Nd5 f5 11. Bd3 Be6 12. O-O Bg7 13. Qh5 f4 14. c4 bxc4
15. Bxc4 O-O 16. Rac1 Rb8 17. b3 Qd7 18. Rfd1 Kh8 19. Rd2 Qd8 20. Bd3 Qa5 21.
Nc4 Qd8 22. Nc3 Rg8 23. Bf1 Bf8 24. Nd5 Nd4 25. Nxf4 Bg4 26. Qxf7 Rg7 27. Nxe5
dxe5 28. Rxd4 Qxd4 29. Qd5 Rd8 30. Qxd4 Rxd4 31. Nd3 Rxe4 32. Rc6 Rd4 33. Rxa6
e4 34. Nb2 Rc7 35. Nc4 Rcxc4 36. bxc4 Rd1 37. Ra8 Be2 38. g3 Kg7 39. Ra7+ Kg8
40. Ra5 Bxf1 41. Rd5 Ra1 42. Rg5+ Kh8 43. f3 Bg7 44. h4 Bd4+ 45. Kh2 Rxa2+ 46.
Kh1 Bg2+ 47. Kh2 Bxf3+ 48. Kh3 Ra1 49. g4 Bf2 50. Rg8+ Kxg8 51. g5 Rh1# {
Hossa checkmated} 0-1

[Event "ICS Rated blitz match"]
[Site "204.178.125.65"]
[Date "2000.09.27"]
[Round "?"]
[White "Jfreile"]
[Black "Hossa"]
[Result "0-1"]
[WhiteElo "2308"]
[BlackElo "2494"]
[PlyCount "42"]
[EventDate "2000.??.??"]

1. d3 d5 2. Nd2 e5 3. e4 Nf6 4. Ngf3 Nc6 5. c3 dxe4 6. dxe4 a6 7. Be2 Bc5 8.
O-O O-O 9. Nxe5 Nxe5 10. Qc2 Nfg4 11. Nc4 Nxf2 12. Nxe5 Nd3+ 13. Kh1 Nxe5 14.
Bf4 Ng6 15. Bg3 Qe7 16. Rad1 Be6 17. b4 Bb6 18. a4 Rfd8 19. a5 Be3 20. Rxd8+
Rxd8 21. Rd1 Rxd1+ {Jfreile resigns} 0-1

[Event "ICS rated blitz match"]
[Site "204.178.125.65"]
[Date "2000.09.27"]
[Round "?"]
[White "Hossa"]
[Black "big-dipper"]
[Result "1-0"]
[WhiteElo "2502"]
[BlackElo "2270"]
[PlyCount "71"]
[EventDate "2000.??.??"]

1. d4 Nf6 2. c4 g6 3. Nc3 Bg7 4. e4 d6 5. f3 O-O 6. Be3 a6 7. Bd3 Nc6 8. a3 e5
9. d5 Nd4 10. Nge2 c5 11. dxc6 Nxc6 12. O-O Be6 13. Nd5 Bxd5 14. cxd5 Ne7 15.
Qb3 Qd7 16. Rac1 Rfc8 17. Rxc8+ Rxc8 18. Bb6 Nh5 19. Kh1 Bh6 20. Qd1 Nf4 21.
Nxf4 Bxf4 22. Qe2 f5 23. g3 Bh6 24. Qg2 Kg7 25. Qh3 Rc1 26. Ba5 Rxf1+ 27. Qxf1
Be3 28. b3 Bd4 29. Bd2 Qc8 30. Bg5 Ng8 31. exf5 gxf5 32. Qh3 h6 33. Bd2 Bc3 34.
Bxf5 Qc5 35. Qg4+ Kf8 36. Be6 {big-dipper resigns} 1-0

[Event "ICS rated standard match"]
[Site "204.178.125.65"]
[Date "2000.09.27"]
[Round "?"]
[White "BrazilianMaster"]
[Black "Hossa"]
[Result "1-0"]
[WhiteElo "2576"]
[BlackElo "2356"]
[PlyCount "111"]
[EventDate "2000.??.??"]

1. e4 e5 2. Bc4 Nf6 3. Nf3 Nxe4 4. d4 d5 5. Bd3 exd4 6. Nxd4 Bc5 7. Be3 O-O 8.
O-O Re8 9. Re1 Qf6 10. c3 Nc6 11. Nd2 Bxd4 12. cxd4 Bf5 13. Nf3 Nb4 14. Be2 Qd6
15. Qb3 Bg4 16. h3 Bh5 17. g4 Bg6 18. Ne5 c5 19. dxc5 Qxe5 20. Qxb4 Rad8 21.
Rad1 Qc7 22. Bf3 f5 23. b3 Rf8 24. gxf5 Bxf5 25. Bg2 Qd7 26. f3 Nf6 27. Qh4 Qf7
28. Bd4 Qc7 29. Qg5 Qd7 30. Re5 Be6 31. Rde1 Rde8 32. f4 h6 33. Qg3 Kh8 34. Qh4
Kg8 35. R1e3 Kf7 36. Rg3 Kg8 37. Qxh6 Ng4 38. Rxg4 Bxg4 39. Rg5 Rf7 40. hxg4
Re1+ 41. Kf2 Re4 42. Bxe4 dxe4 43. Qd6 Qe7 44. Kg3 Kh7 45. Qg6+ Kg8 46. Rh5 Qc7
47. Qh7+ Kf8 48. Be5 Qd7 49. Bd6+ Re7 50. Rg5 Qxd6 51. Qh8+ Kf7 52. Rxg7+ Ke6
53. Qh6+ Kd7 54. Qxd6+ Kc8 55. Rg8+ Re8 56. Rxe8# {Hossa checkmated} 1-0

[Event "ICS rated standard match"]
[Site "204.178.125.65"]
[Date "2000.09.27"]
[Round "?"]
[White "Hossa"]
[Black "BrazilianMaster"]
[Result "1-0"]
[WhiteElo "2349"]
[BlackElo "2583"]
[PlyCount "77"]
[EventDate "2000.??.??"]

1. d4 d5 2. c4 dxc4 3. Nf3 Nf6 4. e3 e6 5. Bxc4 c5 6. O-O a6 7. Qe2 b6 8. Rd1
cxd4 9. exd4 b5 10. Bb3 Be7 11. Nc3 Bb7 12. d5 exd5 13. Bg5 Qb6 14. Bxd5 Bc6
15. Bxf6 gxf6 16. Bxc6+ Nxc6 17. Nd5 Qb7 18. Nxf6+ Kf8 19. Nd7+ Kg7 20. Nfe5
Bg5 21. h4 Rhe8 22. Qf3 Nd8 23. Qg3 Ne6 24. hxg5 Qe4 25. Re1 Qf5 26. Re3 Re7
27. Nb6 Rae8 28. Nd5 Rb7 29. Qh4 Nxg5 30. g4 Qxe5 31. Rxe5 Rxe5 32. Qh1 Rd7 33.
Ne3 h6 34. Nf5+ Rxf5 35. gxf5 Rd3 36. Qc6 Rf3 37. Qxa6 Rxf5 38. Qc8 Ne6 39. b4
{BrazilianMaster resigns} 1-0

[Event "ICS rated standard match"]
[Site "204.178.125.65"]
[Date "2000.09.27"]
[Round "?"]
[White "BrazilianMaster"]
[Black "Hossa"]
[Result "1-0"]
[WhiteElo "2558"]
[BlackElo "2374"]
[PlyCount "97"]
[EventDate "2000.??.??"]

1. e4 e5 2. Nf3 Nc6 3. Bc4 Bc5 4. c3 Nf6 5. d4 exd4 6. e5 Ng4 7. cxd4 Bb4+ 8.
Nc3 d5 9. Bd3 f6 10. O-O fxe5 11. dxe5 d4 12. Nb5 Be7 13. Be4 O-O 14. Qb3+ Kh8
15. Bxc6 bxc6 16. Nbxd4 Bc5 17. Bg5 Qd5 18. Rad1 h6 19. Bh4 Bxd4 20. Rxd4 Qxb3
21. axb3 c5 22. Re4 h5 23. Rc1 Bb7 24. Re2 Bxf3 25. gxf3 Rxf3 26. Rxc5 Rh3 27.
Bg5 Rxh2 28. Rxc7 Kh7 29. e6 Kg6 30. e7 Re8 31. Rd2 Rxf2 32. Rd8 Kxg5 33. Rxe8
Rxb2 34. Rf8 Rb1+ 35. Kg2 Rb2+ 36. Kf1 Ne3+ 37. Ke1 Ng2+ 38. Kd1 Rb1+ 39. Rc1
Rxb3 40. e8=Q Rd3+ 41. Kc2 Re3 42. Qf7 Re2+ 43. Kb1 Nh4 44. Qxg7+ Ng6 45. Qf6+
Kg4 46. Qxg6+ Kh4 47. Rf4+ Kh3 48. Rf3+ Kh2 49. Qg3# {Hossa checkmated} 1-0

[Event "ICS rated standard match"]
[Site "204.178.125.65"]
[Date "2000.09.27"]
[Round "?"]
[White "Hossa"]
[Black "BrazilianMaster"]
[Result "0-1"]
[WhiteElo "2366"]
[BlackElo "2566"]
[PlyCount "98"]
[EventDate "2000.??.??"]

1. d4 d5 2. c4 e6 3. Nf3 dxc4 4. e4 b5 5. a4 c6 6. axb5 cxb5 7. b3 Nf6 8. bxc4
Nxe4 9. c5 Bxc5 10. Bxb5+ Bd7 11. dxc5 Bxb5 12. Qxd8+ Kxd8 13. Ne5 Be8 14. Be3
Nd7 15. Nc6+ Kc7 16. Nxa7 Ndxc5 17. Ra3 Na4 18. Bd4 Kb7 19. Bxg7 Rg8 20. Bd4
Rxg2 21. Rb3+ Ka6 22. Kf1 Rg4 23. Be3 Nec5 24. Bxc5 Nxc5 25. Rc3 Kb6 26. f3 Rb4
27. Kg2 Rxa7 28. Na3 Bb5 29. Nxb5 Kxb5 30. Rhc1 Nb3 31. Rf1 Nd4 32. Rc8 Rb2+
33. Kg3 Nf5+ 34. Kh3 Raa2 35. Rh1 h6 36. Rf8 Kc6 37. Rc8+ Kd6 38. Rc4 Rf2 39.
Rf4 Ke5 40. Re4+ Kf6 41. Rf4 e5 42. Rb4 Rxf3+ 43. Kg4 Raf2 44. Rb6+ Kg7 45. Rg1
Kh7 46. Rb4 Ne3+ 47. Kh5 Rxh2+ 48. Rh4 Rf5+ 49. Rg5 Rxg5# {Hossa checkmated}
0-1